000 00293nam a2200133 i 4500
001 bg
100 1 _aRAKOWSKI, M. F.
245 0 _aTrudny dialog /
_cM.F. Rakowski.
260 _aWarszawa,
_c1983.
040 _cBPK
041 _apol
942 _cKS
008 s pl f |000 0 pol
999 _c1928
_d1928
856 _uhttp://koha.tu.koszalin.pl/cgi-bin/koha/opac-detail.pl?biblionumber=1928
_yKatalog online BPK